000 00696nam a22002057a 4500
003 BD-DhJNU
005 20250409065940.0
008 250409b |||||||| |||| 00| 0 eng d
020 _a9789971693794
040 _aBD-DhJNU
_bENG
_cBD-DhJNU
_dBD-DhJNU
082 _223
_a304.6095
245 _aMega-urban regions in Pacific Asia :
_burban dynamics in a global era /
_cedited by Gavin W.Jones and Mike Douglass
260 _aSingapore :
_bNUS Press,
_c2008.
300 _axxiv, 376 p. :
_bill. ;
_c23 cm.
504 _aincludes bibliographical reference and index
650 _aSocial conditions-Asia
700 _aJones, Gavin W.
_eEditor
700 _aDouglass, Mike
_eEditor
942 _2ddc
_cBK
_n0
999 _c1557
_d1557